000 01435cam a2200445 a 4500
001 96764
005 20230410123929.0
008 820517s1982 enka b 001 0 eng
010 _a 82009502
035 _a(OCoLC)ocm08493265
040 _aDLC
_cDLC
_dMUQ
_dBAKER
_dYDXCP
_dAU@
_dNLE
_dDEBBG
020 _a052122389X
020 _a9780521223898
020 _a0521274028 (pbk.)
020 _a9780521274029 (pbk.)
020 _a2901725546
020 _a9782901725541
020 _z2521274028
020 _z2735180391
035 _a(OCoLC)8493265
041 1 _aeng
_hfre
043 _ae-fr---
050 1 4 _aLA 693
_bF983r 1982
082 0 0 _a372.944
049 _aGRAL
100 1 _aFuret, Francois,
_d1927-1997.
245 1 0 _aReading and writing :
_bliteracy in France from Calvin to Jules Ferry /
_cFrancois Furet and Jacques Ozouf.
260 _aCambridge [Cambridgeshire] ;
_aNew York :
_bCambridge University Press,
_cc1982.
300 _aix, 369 p. :
_bill. ;
_c24 cm.
490 1 _aCambridge studies in oral and literate culture ;
_v5
500 _aTranslation of: Lire et ecrire, vol. 1.
504 _aBibliography: p. 342-358.
500 _aIncludes indexes.
650 0 _aEducation, Elementary
_zFrance
_xHistory.
650 0 _aLiteracy
_zFrance
_xHistory.
700 1 _aOzouf, Jacques.
830 0 _aCambridge studies in oral and literate culture ;
_v5.
942 _2lcc
_cbk
994 _aC0
_bDRFGD
999 _c68348
_d68348